000 00449nam a2200157 i 4500
001 55040
003 ES-MaACL
005 20230906163054.0
007 t|
008 030911s1973 sp ||||1| spa d
100 1 _aDelgado, Fernando.
_943405
245 1 0 _aRetablo de la Virgen MarĂ­a /
_cFernando Delgado.
260 _a[S.l. :
_bs.n.,
_c1973] (
_eAvila :
_fEl Diario de Avila)
300 _a68 p. ;
_c17 cm.
852 _aES-MaACL
_jC-53583
_bR.86165
999 _c55040
_d55040